01021cam a22002651 450000100100000000500170001000800410002701000130006803500190008104000220010004300120012205000150013424500850014926000420023430000180027649000610029465100380035565100440039365000230043770000360046091000280049695201070052495201070063199900170073800001634320200929164400.0760312s1960 ec 000 0 spa  a60041558 a(OCoLC)2047394 aDO-SdBNPcFUdDLC as-ec---00aF3733b.C700aCronistas coloniales. :b[Estudio, biografias y selecciones de J. Roberto Paez]. aPuebla, :bJ. M. Cajica Jr.,c[1960]. a2 v. ;c22cm.0 aBiblioteca ecuatoriana minima. La colonia y la republica 0aEcuadorxHistoryyTo 1809.936456 0aSouth AmericaxHistoryyTo 1806.917891 0aHistorians.9364571 aPaez, Jose Roberto,eed.936458 aCatalogación derivada 001050728MOaGRbGRcBDd2010-03-03iLF1l0ot.1p16343-10r2020-06-25w2020-06-25y1ZNo se presta 001050728MOaGRbGRcBDd2010-03-03iLF1l0ot.2p16343-20r2020-06-25w2020-06-25y1ZNo se presta c15878d15878